| 000 | 00399nam a22001577a 4500 | ||
|---|---|---|---|
| 003 | macl | ||
| 005 | 20180526122731.0 | ||
| 008 | 180526b xxu||||| |||| 00| 0 eng d | ||
| 040 | _cMACL | ||
| 082 | _a920/SAC | ||
| 100 |
_aPadma Sachdev _972595 |
||
| 245 | _aA Drop in the Ocean An Autobiography | ||
| 260 |
_aDelhi _bNational book trust _c2011 |
||
| 650 |
_aAutobiography _972596 |
||
| 942 |
_2ddc _cBK |
||
| 999 |
_c58121 _d58121 |
||